Law of Trade Organizations, Associations and Chambers of Commerce and Industry: (Record no. 613169)
[ view plain ]
| 000 -LEADER | |
|---|---|
| fixed length control field | 00461nam a22001337a 4500 |
| 082 ## - DEWEY DECIMAL CLASSIFICATION NUMBER | |
| Classification number | 346.54910488 |
| Author Mark | CHO |
| 100 ## - MAIN ENTRY--PERSONAL NAME | |
| Personal name | Choudhry, G.M. |
| 245 ## - TITLE STATEMENT | |
| Title | Law of Trade Organizations, Associations and Chambers of Commerce and Industry: |
| Remainder of title | edited, amended upto date, annotated and with case law / |
| Statement of responsibility, etc. | G.M. Choudhry |
| 260 ## - PUBLICATION, DISTRIBUTION, ETC. | |
| Place of publication, distribution, etc. | Rawalpindi : |
| Name of publisher, distributor, etc. | Federal Law House, |
| Date of publication, distribution, etc. | 2009. |
| 300 ## - PHYSICAL DESCRIPTION | |
| Extent | 237 p. |
| 563 ## - BINDING INFORMATION | |
| Binding note | HB. |
| 650 ## - SUBJECT ADDED ENTRY--TOPICAL TERM | |
| Topical term or geographic name entry element | Law, Trade Law |
| 942 ## - ADDED ENTRY ELEMENTS (KOHA) | |
| Source of classification or shelving scheme | |
| Koha item type | Book |
| 650 ## - SUBJECT ADDED ENTRY--TOPICAL TERM | |
| -- | 128137 |
| Withdrawn status | Lost status | Source of classification or shelving scheme | Damaged status | Not for loan | Permanent Location | Current Location | Date acquired | Total Checkouts | Full call number | Barcode | Date last seen | Price effective from | Koha item type |
|---|---|---|---|---|---|---|---|---|---|---|---|---|---|
| NUST Law School (NLS) | NUST Law School (NLS) | 03/04/2025 | 346.54910488 CHO | NLS-590 | 03/04/2025 | 03/04/2025 | Book | ||||||
| NUST Law School (NLS) | NUST Law School (NLS) | 03/04/2025 | 346.54910488 CHO | NLS-591 | 03/04/2025 | 03/04/2025 | Book | ||||||
| NUST Law School (NLS) | NUST Law School (NLS) | 03/04/2025 | 346.54910488 CHO | NLS-592 | 03/04/2025 | 03/04/2025 | Book | ||||||
| NUST Law School (NLS) | NUST Law School (NLS) | 03/04/2025 | 346.54910488 CHO | NLS-593 | 03/04/2025 | 03/04/2025 | Book |
